Vampire breath / (Record no. 1862)
[ view plain ]
| 000 -LEADER | |
|---|---|
| fixed length control field | 01229cam a22003131i 4500 |
| 003 - CONTROL NUMBER IDENTIFIER | |
| control field | Uk |
| 005 - DATE AND TIME OF LATEST TRANSACTION | |
| control field | 20250513101434.0 |
| 020 ## - INTERNATIONAL STANDARD BOOK NUMBER | |
| International Standard Book Number | 9781407157535 (pbk.) : |
| Terms of availability | £4.99 |
| 020 ## - INTERNATIONAL STANDARD BOOK NUMBER | |
| Canceled/invalid ISBN | 9781407161266 (ePub ebook) : |
| Terms of availability | £4.99 |
| 040 ## - CATALOGING SOURCE | |
| Original cataloging agency | StDuBDS |
| Language of cataloging | eng |
| Transcribing agency | StDuBDS |
| Modifying agency | Uk |
| Description conventions | rda |
| 050 ## - LIBRARY OF CONGRESS CALL NUMBER | |
| Classification number | PZ7.S86037 |
| 082 04 - DEWEY DECIMAL CLASSIFICATION NUMBER | |
| Classification number | 813.54 |
| Edition number | 23 |
| 100 1# - MAIN ENTRY--PERSONAL NAME | |
| Personal name | Stine, R. L., |
| Relator term | author. |
| 245 10 - TITLE STATEMENT | |
| Title | Vampire breath / |
| Statement of responsibility, etc. | R.L. Stine. |
| 260 ## - PUBLICATION, DISTRIBUTION, ETC. | |
| Place of publication, distribution, etc. | London : |
| Name of publisher, distributor, etc. | Scholastic, |
| Date of publication, distribution, etc. | 1996 |
| 300 ## - PHYSICAL DESCRIPTION | |
| Extent | 114, 13 unnumbered pages : |
| Dimensions | 20 cm. |
| 490 0# - SERIES STATEMENT | |
| Series statement | Goosebumps |
| 500 ## - GENERAL NOTE | |
| General note | Originally published: 1996. |
| 500 ## - GENERAL NOTE | |
| General note | Formerly CIP. |
| Institution to which field applies | Uk |
| 505 ## - FORMATTED CONTENTS NOTE | |
| Formatted contents note | F |
| 520 ## - SUMMARY, ETC. | |
| Summary, etc. | Tough. That's Freddy Martinez and his friend, Cara. They're not afraid of anything. But that was before they went exploring in Freddy's basement. Before they found the secret room. Before they found the bottle of Vampire Breath. Poor Freddy and Cara. They should have never opened that bottle of Vampire Breath. Because now there's a vampire in Freddy's basement. And he's very, very thirsty.... |
| 521 ## - TARGET AUDIENCE NOTE | |
| Target audience note | 430 <br/> |
| Source | Lexile |
| 521 ## - TARGET AUDIENCE NOTE | |
| Target audience note | F <br/> |
| Source | Raz-Plus |
| 650 #0 - SUBJECT ADDED ENTRY--TOPICAL TERM | |
| Topical term or geographic name entry element | Vampires |
| Form subdivision | Juvenile fiction. |
| 655 #0 - INDEX TERM--GENRE/FORM | |
| Genre/form data or focus term | Horror tales. |
| 655 #0 - INDEX TERM--GENRE/FORM | |
| Genre/form data or focus term | Children's stories. |
| 942 ## - ADDED ENTRY ELEMENTS (KOHA) | |
| Source of classification or shelving scheme | Dewey Decimal Classification |
| Koha item type | Books |
| Suppress in OPAC | No |
| 999 ## - | |
| -- | 1862 |
| -- | 1862 |
| Withdrawn status | Lost status | Source of classification or shelving scheme | Damaged status | Not for loan | Collection | Home library | Current library | Shelving location | Date acquired | Total Checkouts | Full call number | Barcode | Date last seen | Date last checked out | Copy number | Price effective from | Koha item type |
|---|---|---|---|---|---|---|---|---|---|---|---|---|---|---|---|---|---|
| Dewey Decimal Classification | Juvenile Fiction | Footprints International School Library Network Toul Kork Campus | Footprints International School Library Network Toul Kork Campus | TK Primary Library Room(4th Floor), Bookcase 1&2, Shelves 1-16, Dark Blue Books | 10/06/2023 | 2 | STI 813.54 PZ7.S86037 | FISTK05252 | 03/14/2025 | 12/09/2024 | 1 | 10/06/2023 | Books | ||||
| Dewey Decimal Classification | Juvenile Fiction | Footprints International School Library Network Toul Tom Poung Campus | Footprints International School Library Network Toul Tom Poung Campus | TTP Primary Dark Blue Bookshelves | 02/26/2024 | STI PZ7.S86037 813.54 | 2024-0108 | 02/26/2024 | 2 | 02/26/2024 | Books |
